Bé nghĩ gì?

Nội dung cuốn sách gồm 10 chương, mỗi chương khái quát và đi sâu vào từng vấn đềliên quan đến đời sống tâm lý của bé. Hy vọng cuốn sách sẽ cung cấp nội dung cơ bảntâm lý trẻ em cho nhưng ai yêu thương bé cần gì trong cuộc đời này....

Ful tanımlama

Kaydedildi:
Detaylı Bibliyografya
Yazar: Nguyễn, Thơ Sinh
Materyal Türü: Kitap
Dil:Undetermined
Baskı/Yayın Bilgisi: Hà Nội Lao động 2006
Konular:
Etiketler: Etiketle
Etiket eklenmemiş, İlk siz ekleyin!
Thư viện lưu trữ: Trung tâm Học liệu Trường Đại học Cần Thơ
LEADER 00876nam a2200205Ia 4500
001 CTU_118563
008 210402s9999 xx 000 0 und d
020 |c 22000 
082 |a 155.4 
082 |b S312 
100 |a Nguyễn, Thơ Sinh 
245 0 |a Bé nghĩ gì? 
245 0 |c Nguyễn Thơ Sinh 
260 |a Hà Nội 
260 |b Lao động 
260 |c 2006 
520 |a Nội dung cuốn sách gồm 10 chương, mỗi chương khái quát và đi sâu vào từng vấn đềliên quan đến đời sống tâm lý của bé. Hy vọng cuốn sách sẽ cung cấp nội dung cơ bảntâm lý trẻ em cho nhưng ai yêu thương bé cần gì trong cuộc đời này. 
650 |a Child psychology 
904 |i Tuyến 
980 |a Trung tâm Học liệu Trường Đại học Cần Thơ